[Event "NATO-ch 10th"]
[Site "Stetten"]
[Date "1999.09.15"]
[Round "4.6"]
[White "Baudin, Frederic"]
[Black "Tommasini, Enzo"]
[Result "1/2-1/2"]
[WhiteElo "2183"]
[BlackElo "2200"]
[PlyCount "51"]
[EventDate "1999.09.13"]
[EventType "swiss"]
[EventRounds "7"]
[EventCountry "GER"]
[SourceTitle "EXT 2008"]
[Source "ChessBase"]
[SourceDate "2007.11.25"]
[SourceVersion "1"]
[SourceVersionDate "2007.11.25"]
[SourceQuality "1"]

1. e4 e6 2. d4 d5 3. e5 c5 4. c3 Nc6 5. Nf3 Qb6 6. Bd3 cxd4 7. cxd4 Bd7 8. Nc3 Nxd4 9. Nxd4 Qxd4 10. 0-0 a6 11. Qe2 Ne7 12. Kh1 Nc6 13. f4 Nb4 14. Rd1 Nxd3 15. Rxd3 Qc4 16. b3 Qc7 17. Bb2 b5 18. Rc1 Qb7 19. Qd2 Rc8 20. Ne2 Rxc1+ 21. Qxc1 Be7 22. Rg3 g6 23. Nd4 h5 24. h3 b4 25. Kh2 Qb6 26. Qd2 1/2-1/2

[Event "NATO-ch 10th"]
[Site "Stetten"]
[Date "1999.09.14"]
[Round "3.7"]
[White "Berrak, Sedat"]
[Black "Baudin, Frederic"]
[Result "1/2-1/2"]
[WhiteElo "100"]
[BlackElo "2183"]
[PlyCount "28"]
[EventDate "1999.09.13"]
[EventType "swiss"]
[EventRounds "7"]
[EventCountry "GER"]
[SourceTitle "EXT 2008"]
[Source "ChessBase"]
[SourceDate "2007.11.25"]
[SourceVersion "1"]
[SourceVersionDate "2007.11.25"]
[SourceQuality "1"]

1. e4 c5 2. Ne2 d6 3. Nbc3 Nf6 4. d3 Nc6 5. g3 Bg4 6. Bg2 Nd4 7. 0-0 Qd7 8. f3 Bh5 9. Be3 e5 10. Bg5 Be7 11. Qd2 0-0 12. Bxf6 Bxf6 13. Nd5 Nxe2+ 14. Qxe2 Bd8 1/2-1/2

[Event "NATO-ch 10th"]
[Site "Stetten"]
[Date "1999.09.13"]
[Round "1.13"]
[White "Steffers, Hendrik"]
[Black "Baudin, Frederic"]
[Result "1/2-1/2"]
[WhiteElo "1893"]
[BlackElo "2183"]
[PlyCount "96"]
[EventDate "1999.09.13"]
[EventType "swiss"]
[EventRounds "7"]
[EventCountry "GER"]
[SourceTitle "EXT 2008"]
[Source "ChessBase"]
[SourceDate "2007.11.25"]
[SourceVersion "1"]
[SourceVersionDate "2007.11.25"]
[SourceQuality "1"]

1. e4 c5 2. Nf3 d6 3. d4 cxd4 4. Nxd4 Nf6 5. Nc3 g6 6. Be2 Bg7 7. 0-0 Nc6 8. Be3 0-0 9. Nb3 Be6 10. f4 Rc8 11. Kh1 a6 12. Qd2 b5 13. a3 Bc4 14. Rad1 Qc7 15. Bxc4 bxc4 16. Nd4 Qb7 17. Nxc6 Rxc6 18. Bd4 e6 19. e5 Ng4 20. Ne4 dxe5 21. fxe5 Qc7 22. Qg5 f5 23. Qh4 Bxe5 24. Bxe5 Qxe5 25. Rd7 Qxh2+ 26. Qxh2 Nxh2 27. Kxh2 fxe4 28. Rxf8+ Kxf8 29. Rxh7 Rc5 30. Kg3 Rg5+ 31. Kf2 e3+ 32. Kf3 e2 33. Rh1 Rb5 34. Kxe2 Rxb2 35. Kd2 Ra2 36. Rh3 Ra1 37. Rc3 Kf7 38. Ke3 Kf6 39. Kd4 Rg1 40. g3 Kf5 41. Kxc4 Rd1 42. Rf3+ Ke5 43. Kc5 g5 44. c4 Rd8 45. Rc3 Rc8+ 46. Kb4 Kd4 47. Rc1 Rb8+ 48. Ka5 Rc8 1/2-1/2

[Event "FRA-chT2O 9899"]
[Site "France"]
[Date "1999.01.??"]
[Round "6"]
[White "Baudin, Frederic"]
[Black "Bourquin, Stephane"]
[Result "0-1"]
[WhiteElo "2199"]
[BlackElo "2193"]
[PlyCount "82"]
[EventDate "1998.??.??"]
[EventType "team"]
[EventRounds "9"]
[EventCountry "FRA"]
[SourceTitle "EXT 2002"]
[Source "ChessBase"]
[SourceDate "2001.11.25"]
[SourceVersion "1"]
[SourceVersionDate "2001.11.25"]
[SourceQuality "1"]

1. e4 c5 2. c3 Nf6 3. e5 Nd5 4. d4 cxd4 5. cxd4 e6 6. Nf3 b6 7. Nc3 Nxc3 8. bxc3 Qc7 9. Bd2 Bb7 10. Bd3 d6 11. 0-0 Nd7 12. Bf4 Be7 13. Re1 0-0 14. Re3 g6 15. Rc1 Rad8 16. Qe2 Bxf3 17. Rxf3 dxe5 18. dxe5 Nc5 19. Bb1 Rd5 20. Re1 Rfd8 21. c4 Rd4 22. Be3 Qxe5 23. Bxd4 Qxe2 24. Rxe2 Rxd4 25. Re1 Rxc4 26. g3 Kg7 27. Kg2 Bf6 28. Ra3 a5 29. Rae3 Bd4 30. R3e2 e5 31. Rc2 Rb4 32. Rce2 Na4 33. Bd3 Nc3 34. Rc2 Ra4 35. Ra1 Ra3 36. Re1 Nxa2 37. Bc4 Nc3 38. f4 b5 39. Bxf7 Kxf7 40. fxe5 Ke6 41. Rd2 Ra2 0-1

[Event "FRA-chT2O 9899"]
[Site "France"]
[Date "1998.12.06"]
[Round "4"]
[White "Stromer, Alexander"]
[Black "Baudin, Frederic"]
[Result "1-0"]
[WhiteElo "2256"]
[BlackElo "2199"]
[PlyCount "101"]
[EventDate "1998.??.??"]
[EventType "team"]
[EventRounds "9"]
[EventCountry "FRA"]
[SourceTitle "EXT 2002"]
[Source "ChessBase"]
[SourceDate "2001.11.25"]
[SourceVersion "1"]
[SourceVersionDate "2001.11.25"]
[SourceQuality "1"]

1. d4 d5 2. Nf3 Nf6 3. c4 dxc4 4. e3 e6 5. Bxc4 c5 6. 0-0 a6 7. Bb3 Nc6 8. Nc3 Be7 9. Qe2 cxd4 10. Rd1 e5 11. exd4 exd4 12. Nxd4 Nxd4 13. Qe5 Qd6 14. Qxd4 Qxd4 15. Rxd4 0-0 16. Bg5 h6 17. Re1 Be6 18. Bh4 Bxb3 19. Rxe7 Rfe8 20. Bxf6 gxf6 21. Rdd7 Be6 22. Rxe8+ Rxe8 23. Rd1 Kg7 24. f4 Re7 25. Kf2 Bc4 26. Rd6 Be6 27. g3 Bc4 28. f5 Re5 29. g4 h5 30. h3 hxg4 31. hxg4 Bb5 32. Nxb5 Rxb5 33. b3 Rc5 34. Ke3 Rc2 35. Rb6 Rxa2 36. Rxb7 Rb2 37. Kd3 a5 38. Rb5 Kh6 39. Kc3 Ra2 40. Rb7 Kg7 41. Ra7 Rg2 42. Rxa5 Rxg4 43. b4 Rf4 44. Rd5 Rf1 45. b5 Kf8 46. Kd4 Rc1 47. b6 Ke7 48. Rb5 Rc8 49. b7 Rb8 50. Kc5 Kd7 51. Kb6 1-0